Getting IT Right: Information and Communication Technology. (Record no. 140)

MARC details
005 - DATE AND TIME OF LATEST TRANSACTION
control field 20250616170455.0
020 ## - INTERNATIONAL STANDARD BOOK NUMBER
International Standard Book Number 978-0-7487-4423-7
082 ## - DEWEY DECIMAL CLASSIFICATION NUMBER
Classification number 004 PAG
100 ## - MAIN ENTRY--PERSONAL NAME
Author name PAGE, A.
245 ## - TITLE STATEMENT
Title Getting IT Right: Information and Communication Technology.
260 ## - PUBLICATION, DISTRIBUTION, ETC.
Place of publication, distribution, etc. London,
Name of publisher, distributor, etc. Stanley Thornes,
Date of publication, distribution, etc. 2002.
300 ## - PHYSICAL DESCRIPTION
Extent 143p.: ill.; graph, figure, picture, table.
Other physical details Index
Dimensions 28cm
700 ## - ADDED ENTRY--PERSONAL NAME
Other authors/Editors SHEPARD, T.
942 ## - ADDED ENTRY ELEMENTS (KOHA)
Source of classification or shelving scheme Dewey Decimal Classification
Koha item type Books
Holdings
Date last seen Total checkouts Full call number Barcode Cost, replacement price Price effective from Koha item type Lost status Source of classification or shelving scheme Damaged status Not for loan Withdrawn status Home library Current library Shelving location Date acquired Cost, normal purchase price
03/06/2025   004 PAG 000000315 75000.00 03/06/2025 Books   Dewey Decimal Classification       College of Business Education Main Library College of Business Education Main Library General Collection 03/06/2025 25000.00
03/06/2025   004 PAG 000000316 75000.00 03/06/2025 Books   Dewey Decimal Classification       College of Business Education Main Library College of Business Education Main Library General Collection 03/06/2025 25000.00
03/06/2025   004 PAG 000000317 75000.00 03/06/2025 Books   Dewey Decimal Classification       College of Business Education Main Library College of Business Education Main Library General Collection 03/06/2025 25000.00